ARRUPE JESUIT UNIVERSITY

CORONAVIRUS -STOP THE SPREAD - CLEAN,DISINFECT,COVER

Global politics (Record no. 17307)

MARC details
000 -LEADER
fixed length control field 00578nam a2200217Ia 4500
003 - CONTROL NUMBER IDENTIFIER
control field 0100
008 - FIXED-LENGTH DATA ELEMENTS--GENERAL INFORMATION
fixed length control field 130303s9999 xx 000 0 und d
040 ## - CATALOGING SOURCE
Transcribing agency ARRUPELIB
050 ## - LIBRARY OF CONGRESS CALL NUMBER
Classification number JX1308.M561997
300 ## - PHYSICAL DESCRIPTION
Other physical details 559p. 26cm.
100 ## - MAIN ENTRY--PERSONAL NAME
Personal name Minix, Dean A
245 ## - TITLE STATEMENT
Title Global politics
260 ## - PUBLICATION, DISTRIBUTION, ETC. (IMPRINT)
Place of publication, distribution, etc St. Paul
260 ## - PUBLICATION, DISTRIBUTION, ETC. (IMPRINT)
Name of publisher, distributor, etc West Publishing
260 ## - PUBLICATION, DISTRIBUTION, ETC. (IMPRINT)
-- 1997
300 ## - PHYSICAL DESCRIPTION
Extent xx
650 ## - SUBJECT ADDED ENTRY--TOPICAL TERM
Topical term following geographic name as entry element Rilke, Rainer Maria, 1875-1926-Correspondence
650 ## - SUBJECT ADDED ENTRY--TOPICAL TERM
Location of event Authors, German-20th century-Correspondence
700 ## - ADDED ENTRY--PERSONAL NAME
Personal name Dean A. Minix, Sandra M. Hawley , Hawley, Sandra
942 00 - ADDED ENTRY ELEMENTS (KOHA)
Koha issues (borrowed), all copies 1
Holdings
Withdrawn status Lost status Source of classification or shelving scheme Damaged status Not for loan Collection code Home library Current library Shelving location Date acquired Total Checkouts Full call number Barcode Date last seen Date checked out Copy number Price effective from Koha item type
    Library of Congress Classification     Main Collection ARRUPE LIBRARY ARRUPE LIBRARY   04/03/2013 2 JX1308.M561997 46003049676 26/06/2018 14/05/2018 1 04/03/2013 Monograph ( Printed materials)

 

Arrupe Library. PO Box MP320 Mt Pleasant, Harare, Zimbabwe
263 242 745411|librarian@aju.ac.zw